Top 30 Most-Viewed Lists on Wikipedia - Statistics

General Stats
  • This quiz has been taken 43 times
  • The average score is 9 of 30
Answer Stats
Rank Answer Hint % Correct
1 Presidents of the United States List of world leaders
87%
5 Super Bowl champions List of winning sports teams
74%
3 Marvel Cinematic Universe films List of movies in a franchise
68%
28 NBA champions List of winning sports teams
58%
7 US Cities by population List of cities by a specific metric
55%
25 Walt Disney Pictures films List of movies from a studio
47%
4 Game of Thrones episodes List of TV show episodes (fantasy)
45%
11 Highest-grossing Indian films List of movies by a specific metric
45%
2 Highest-grossing films List of movies by a specific metric
42%
18 Glee episodes List of TV show episodes (musical)
39%
26 States and territories of the US List of subdivisions of a country
39%
6 Countries by GDP (nominal) List of countries by a specific metric
32%
19 Countries by GDP per capita List of countries by a specific metric
32%
15 South Park episodes List of TV show episodes (animated)
32%
10 Doctor Who serials List of TV show serials (sci-fi)
29%
14 Family Guy episodes List of TV show episodes (animated)
26%
8 Big Bang Theory episodes List of TV show episodes (sitcom)
24%
12 How I Met Your Mother episodes List of TV show episodes (sitcom)
24%
17 Top Gear episodes List of TV show episodes (motoring)
24%
27 Suits episodes List of TV show episodes (legal)
18%
16 The Walking Dead episodes List of TV show episodes (horror)
16%
30 Best-selling music artists List of a type of entertainer
11%
22 James Bond films List of movies in a franchise
8%
29 Pornographic actresses by decade List of a specific type of actress
8%
23 HTTP status codes List of internet protocol status codes
5%
20 Arrow episodes List of TV show episodes (superhero)
3%
13 Running Man episodes List of TV show episodes (Korean)
0%
24 Steven Universe episodes List of TV show episodes (animated)
0%
21 TCP and UDP port numbers List of internet protocol port numbers
0%
9 UFC events List of sports events
0%
No matching quizzes found
Score Distribution
Percent of People with Each Score
Percentile by Number Answered
Your Score History
You have not taken this quiz